000 00741nam a22002057a 4500
999 _c4035
_d4035
003 AR-CdUCM
008 190307b ||||| |||| 00| 0 spa d
040 _aMUNICIPALIDAD PROVINCIAL DEL CUSCO
_cBIBLIOTECA MUNICIPAL DEL CUSCO
082 _a869.1 /
_bV33
100 _aVasconcelos, José
_9412
245 _aUlises Criollo /
260 _aMéxico :
_bFondo de Cultura Económica ,
_c1982.
300 _a257 páginas ;
_c21 cm.
505 _aContenido: Los Jacobinos -- Liberacion -- El mar -- Campeche -- El instituto Campechano -- El Clima -- La Gimnasia - La melancolia...
650 _aLos Jacobinos
_912865
650 _aLiteratura Méxicana
_99769
650 _aLiteratura Latinoamericana
_9799
942 _2ddc
_cLIBROS
945 _artm